Statistiques concernant Quiz capitales du monde

Cliquez ici pour prendre le quiz!

Statistiques générales

  • Ce quiz a été pris 218 fois
  • Le résultat moyen est 13 sur 15

Statistiques - réponses

QuestionRéponse% Correct
Quelle est la capitale du Mexique ?Mexico
98%
Quelle est la capitale de la Libye ?Tripoli
96%
Quelle est la capitale de la Roumanie ?Bucarest
95%
Quelle est la capitale de la Norvège ?Oslo
95%
Quelle est la capitale de l'Australie ?Canberra
93%
Quelle est la capitale du Madagascar ?Antananarivo
91%
Quelle est la capitale du Pakistan ?Islamabad
88%
Quelle est la capitale du Sao Tomé et Principe ?Sao Tomé
88%
Quelle est la capitale du Suriname ?Paramaribo
87%
Quelle est la capitale de l'Éthiopie ?Addis-Abeba
84%
Quelle est la capitale du Timor Oriental ?Dili
83%
Quelle est la capitale de l'Ouganda ?Kampala
83%
Quelle est la capitale du Brunei ?Bandar Seri Begawan
72%
Quelle est la capitale du Sri Lanka ?Sri Jayawardenapura Kotte
63%
Quelle est la capitale du Nauru ?Yaren
53%

Distribution des résultats

Percentile par nombre de réponses

% des personnes avec chaque résultat

Votre développement - résultats

Vous n’avez pas pris ce quiz